000 00297nam a22001337a 4500
008 170531b xxu||||| |||| 00| 0 eng d
020 _a9780620232241
041 _aeng
080 _a94(6)
100 _a17
101 _aSHH
245 _aSOUTH AFRICA FUTURE
_cGINSBERG .A
942 _2udc
_cBK
999 _c15157
_d15157